00889nam a2200205 a 450000100100000000500170001000800410002702000180006804000250008608200150011110000350012624500660016126000450022730000270027259000280029995201130032795201130044095201130055399900170066600004872220201002061345.0190410s2010 dr a r 000 spa d a9789945003147 aDO-SdBNPbspacBNPHU axxxbR456e aReynoso Medina, Araceli94053910aEsclavitud y trabajo en los obrajes de Coyoacán siglo XVII. aSanto Domingo :bListín Diario,c2010. a227 p. :bil ;c22 cm. aInventariado, 2019 / DG 0010718PDaGRbGRcHDd2019-04-10iLF1l0oxxx R456ep48722-30r2020-06-25w2020-06-25yLFPDZNo se presta 0010718PDaPDbPDcHDd2019-04-10iLF1l0oxxx R456ep48722-10r2020-06-25w2020-06-25yLFPDZNo se presta 0010718PDaPDbPDcHDd2019-04-10iLF1l0oxxx R456ep48722-20r2020-06-25w2020-06-25yLFPDZNo se presta c48210d48210